| 000 | 00367cam a2200145ua 4500 | ||
|---|---|---|---|
| 041 |
_aeng _h |
||
| 082 |
_a822 _bSTR/EI |
||
| 100 | _aStrindberg, August . | ||
| 245 |
_aEight famous plays / _cAugust Strindberg. _hTextual Documents |
||
| 260 |
_aNew York : _bCharles Scribners Sons , _c1953. |
||
| 300 | _a463 ; . | ||
| 504 | _a | ||
| 942 | _cBK | ||
| 999 |
_c4440 _d4440 |
||